000 00875nam a22003137a 4500
001 BR2015005082
003 BR-BrBNA
005 20230928104722.0
007 ta
008 230509b bl.||||| |||| 00| 0 por d
040 _aBR-BrBNA
_bpor
_cBiblioteca Nacional de Agricultura
041 _a(Por)
072 _aF01; F02
_b1540
090 _ 1540 BR2015005082
100 1 _aModesto Júnior, M. de S.
100 1 _aAlves, R.N.B.
110 1 _aEmpresa Brasileira de Pesquisa Agropecuária, Brasília, DF (Brasil)
245 1 _aSeleção de manivas-semente de mandioca
260 3 _aBrasília, DF (Brasil):
_c2014.
300 _a20 p.
500 _a1 ref.; 20 illus
650 _aMANIVA
650 _aMANDIOCA
650 _aMANIHOT ESCULENTA
650 _aPLANTIO
650 _aPROPAGAÇÃO VEGETATIVA
909 _a202309
_bLucia
_c55
_dLucia Elande
942 _cBK
999 _c81371
_d81371